[Event "Russiarapdwomen"]
[Site "?"]
[Date "2016.10.02"]
[Round "1.2"]
[White "Semenova, Elena"]
[Black "Bodnaruk, Anastasia"]
[Result "1/2-1/2"]
[LiveChessVersion "1.4.4"]
[BlackElo "2487"]
[WhiteElo "2122"]

1. e4 {[%clk 0:15:18]} d6 {[%clk 0:15:19]} 2. d4 {[%clk 0:15:19]} g6
{[%clk 0:15:27]} 3. Nc3 {[%clk 0:15:26]} Bg7 {[%clk 0:15:35]} 4. f4
{[%clk 0:15:33]} Nf6 {[%clk 0:15:26]} 5. Nf3 {[%clk 0:15:42]} O-O
{[%clk 0:15:33]} 6. Bd3 {[%clk 0:14:49]} Na6 {[%clk 0:15:37]} 7. O-O
{[%clk 0:14:39]} c5 {[%clk 0:15:41]} 8. d5 {[%clk 0:14:47]} Bg4 {[%clk 0:15:43]}
9. h3 {[%clk 0:14:24]} Bxf3 {[%clk 0:15:47]} 10. Qxf3 {[%clk 0:14:31]} Nb4
{[%clk 0:15:46]} 11. a3 {[%clk 0:14:07]} Nxd3 {[%clk 0:15:49]} 12. Qxd3
{[%clk 0:13:50]} Nd7 {[%clk 0:15:11]} 13. Bd2 {[%clk 0:13:31]} Rc8
{[%clk 0:15:04]} 14. Rab1 {[%clk 0:13:07]} c4 {[%clk 0:14:42]} 15. Qf3
{[%clk 0:12:55]} b5 {[%clk 0:14:34]} 16. Ne2 {[%clk 0:12:23]} e6 {[%clk 0:13:15]}
17. Bc3 {[%clk 0:11:00]} exd5 {[%clk 0:12:51]} 18. exd5 {[%clk 0:10:50]} Qb6+
{[%clk 0:11:30]} 19. Qf2 {[%clk 0:08:27]} Rce8 {[%clk 0:11:09]} 20. Bxg7
{[%clk 0:06:52]} Kxg7 {[%clk 0:11:09]} 21. Qxb6 {[%clk 0:06:42]} Nxb6
{[%clk 0:11:15]} 22. Nc3 {[%clk 0:06:47]} a6 {[%clk 0:11:02]} 23. Rfe1
{[%clk 0:06:47]} f5 {[%clk 0:10:32]} 24. Kf2 {[%clk 0:06:10]} Kf7
{[%clk 0:09:10]} 25. g3 {[%clk 0:05:07]} Rxe1 {[%clk 0:08:33]} 26. Rxe1 Rc8 27.
Ke3 {[%clk 0:04:27]} Re8+ {[%clk 0:07:24]} 28. Kd2 {[%clk 0:04:31]} Rb8
{[%clk 0:07:25]} 29. Re6 {[%clk 0:04:03]} Rd8 {[%clk 0:07:34]} 30. Re2
{[%clk 0:04:12]} Nd7 {[%clk 0:07:22]} 31. Ke3 {[%clk 0:03:17]} Rb8
{[%clk 0:07:04]} 32. Kd4 {[%clk 0:02:27]} Nc5 {[%clk 0:07:13]} 33. Na2
{[%clk 0:01:49]} a5 {[%clk 0:06:42]} 34. Re3 h5 {[%clk 0:06:11]} 35. h4
{[%clk 0:01:51]} Rb6 {[%clk 0:05:07]} 36. b4 {[%clk 0:01:37]} cxb3
{[%clk 0:05:07]} 37. cxb3 {[%clk 0:01:45]} a4 {[%clk 0:02:44]} 38. b4
{[%clk 0:01:42]} Ne4 {[%clk 0:02:53]} 39. Nc3 {[%clk 0:01:34]} Nd2
{[%clk 0:03:01]} 40. Rd3 {[%clk 0:01:20]} Nb3+ {[%clk 0:02:51]} 41. Ke3
{[%clk 0:01:27]} Rb8 {[%clk 0:02:38]} 42. Kf2 {[%clk 0:01:30]} Rb7
{[%clk 0:02:31]} 43. Kf3 {[%clk 0:01:21]} Ke7 {[%clk 0:02:03]} 44. Re3+
{[%clk 0:01:21]} Kd7 {[%clk 0:02:12]} 45. Ke2 {[%clk 0:01:12]} Rb8
{[%clk 0:01:23]} 46. Kd3 {[%clk 0:01:16]} Nc1+ {[%clk 0:01:32]} 47. Kc2
{[%clk 0:01:20]} Nb3 {[%clk 0:01:40]} 48. Kd3 {[%clk 0:01:26]} Nc1+
{[%clk 0:01:48]} 49. Kc2 {[%clk 0:01:35]} Nb3 {[%clk 0:01:57]} 50. Kd3
{[%clk 0:01:43]} Nc1+ {[%clk 0:02:05]} 51. Kc2 {[%clk 0:01:48]} Nb3
{[%clk 0:02:14]} 52. Kd3 {[%clk 0:01:58]} Nc1+ {[%clk 0:02:20]} 53. Ke4 1/2-1/2

[Event "Russiarapdwomen"]
[Site "?"]
[Date "2016.10.02"]
[Round "1.8"]
[White "Gorovenko, Darya"]
[Black "Vasilevich, Tatjana"]
[Result "1-0"]
[LiveChessVersion "1.4.4"]
[BlackElo "2400"]
[WhiteElo "1995"]

1. d4 {[%clk 0:15:18]} Nf6 {[%clk 0:15:18]} 2. c4 {[%clk 0:15:26]} e6
{[%clk 0:15:21]} 3. Nf3 {[%clk 0:15:33]} Bb4+ {[%clk 0:15:09]} 4. Bd2
{[%clk 0:15:41]} a5 {[%clk 0:15:00]} 5. g3 {[%clk 0:15:37]} b6 {[%clk 0:14:46]}
6. Bg2 {[%clk 0:15:39]} Bb7 {[%clk 0:14:55]} 7. O-O {[%clk 0:15:18]} Bxd2
{[%clk 0:11:38]} 8. Nbxd2 {[%clk 0:14:49]} d6 {[%clk 0:11:34]} 9. Qc2
{[%clk 0:14:47]} Nbd7 {[%clk 0:11:30]} 10. Rad1 {[%clk 0:14:40]} O-O
{[%clk 0:11:08]} 11. b3 {[%clk 0:13:11]} Qe7 {[%clk 0:10:26]} 12. e4
{[%clk 0:12:46]} e5 {[%clk 0:10:30]} 13. d5 {[%clk 0:12:48]} Nc5 {[%clk 0:09:39]}
14. a3 {[%clk 0:12:51]} Bc8 {[%clk 0:08:29]} 15. b4 {[%clk 0:12:07]} axb4
{[%clk 0:08:37]} 16. axb4 {[%clk 0:12:16]} Na4 {[%clk 0:06:00]} 17. Ra1
{[%clk 0:12:18]} Bd7 {[%clk 0:06:08]} 18. Nb3 {[%clk 0:11:31]} Nh5
{[%clk 0:03:53]} 19. c5 {[%clk 0:07:39]} bxc5 {[%clk 0:01:54]} 20. bxc5
{[%clk 0:07:47]} Rfb8 {[%clk 0:01:37]} 21. Rfc1 {[%clk 0:06:43]} Rb4
{[%clk 0:01:43]} 22. Nfd2 {[%clk 0:05:36]} Rab8 {[%clk 0:01:52]} 23. cxd6
{[%clk 0:04:40]} cxd6 {[%clk 0:01:59]} 24. Bf1 {[%clk 0:03:46]} Nf6
{[%clk 0:01:52]} 25. Ba6 {[%clk 0:03:13]} Ne8 {[%clk 0:01:52]} 26. Na5
{[%clk 0:01:51]} Rb2 {[%clk 0:01:21]} 27. Nc6 {[%clk 0:01:47]} Bxc6
{[%clk 0:01:01]} 28. Qxc6 {[%clk 0:01:55]} Nc5 {[%clk 0:01:00]} 29. Nc4
{[%clk 0:02:01]} R2b4 {[%clk 0:00:42]} 30. Re1 {[%clk 0:01:59]} Nxa6
{[%clk 0:00:28]} 31. Rxa6 {[%clk 0:01:49]} Rd8 {[%clk 0:00:35]} 32. Rea1
{[%clk 0:01:52]} Rb7 {[%clk 0:00:43]} 33. Na5 {[%clk 0:01:53]} Rc7
{[%clk 0:00:45]} 34. Qa4 {[%clk 0:02:02]} Rdc8 {[%clk 0:00:40]} 35. Nc6
{[%clk 0:02:10]} Qg5 {[%clk 0:00:44]} 36. Ra8 {[%clk 0:02:10]} f5
{[%clk 0:00:48]} 37. exf5 {[%clk 0:02:07]} Qxf5 {[%clk 0:00:50]} 38. Rxc8
{[%clk 0:02:13]} Qxc8 {[%clk 0:00:59]} 39. Qa8 {[%clk 0:02:05]} Kf7
{[%clk 0:00:42]} 40. Qa2 {[%clk 0:01:59]} Nf6 {[%clk 0:00:42]} 41. Nxe5+
{[%clk 0:01:43]} Kg8 {[%clk 0:00:32]} 42. Nc6 {[%clk 0:01:51]} Qf5
{[%clk 0:00:21]} 43. Qa5 {[%clk 0:01:24]} Rd7 {[%clk 0:00:18]} 44. Re1
{[%clk 0:00:29]} Nxd5 {[%clk 0:00:14]} 45. Nb4 {[%clk 0:00:23]} Ne7
{[%clk 0:00:18]} 46. Qa8+ {[%clk 0:00:20]} Kf7 {[%clk 0:00:26]} 47. Qa2+
{[%clk 0:00:24]} Kf8 {[%clk 0:00:29]} 48. Rd1 {[%clk 0:00:17]} d5
{[%clk 0:00:33]} 49. Qa8+ {[%clk 0:00:18]} Kf7 {[%clk 0:00:41]} 50. Qa2
{[%clk 0:00:23]} g6 {[%clk 0:00:50]} 51. Qd2 {[%clk 0:00:26]} Kg7
{[%clk 0:00:55]} 52. Qd4+ {[%clk 0:00:34]} Qf6 {[%clk 0:00:59]} 53. Kf1
{[%clk 0:00:16]} Qxd4 {[%clk 0:00:54]} 54. Rxd4 {[%clk 0:00:25]} Kf6
{[%clk 0:01:01]} 55. Ke2 {[%clk 0:00:29]} Ke6 {[%clk 0:01:07]} 56. g4
{[%clk 0:00:32]} Ra7 {[%clk 0:00:54]} 57. f3 {[%clk 0:00:12]} Ra3
{[%clk 0:01:02]} 58. Nc2 {[%clk 0:00:19]} Ra2 {[%clk 0:01:04]} 59. Kd3
{[%clk 0:00:25]} Nc6 {[%clk 0:01:09]} 60. Rf4 {[%clk 0:00:21]} Rb2
{[%clk 0:00:18]} 61. h4 {[%clk 0:00:21]} Rb1 {[%clk 0:00:27]} 62. Nd4+
{[%clk 0:00:16]} Nxd4 {[%clk 0:00:35]} 63. Kxd4 {[%clk 0:00:25]} Rb4+
{[%clk 0:00:17]} 64. Ke3 {[%clk 0:00:33]} Rb3+ {[%clk 0:00:22]} 65. Kd4
{[%clk 0:00:24]} Rb8 {[%clk 0:00:20]} 66. Kd3 {[%clk 0:00:24]} Rb3+
{[%clk 0:00:19]} 67. Kd4 {[%clk 0:00:29]} Rb4+ {[%clk 0:00:16]} 68. Ke3
{[%clk 0:00:38]} Rb3+ {[%clk 0:00:18]} 69. Kd4 {[%clk 0:00:42]} Rb8
{[%clk 0:00:27]} 70. Kd3 {[%clk 0:00:36]} Rb3+ {[%clk 0:00:16]} 71. Kd4
{[%clk 0:00:43]} Rb8 {[%clk 0:00:12]} 72. Kd3 {[%clk 0:00:46]} Rc8
{[%clk 0:00:11]} 73. Ra4 {[%clk 0:00:48]} Rc7 {[%clk 0:00:17]} 74. Kd4
{[%clk 0:00:52]} Rc6 {[%clk 0:00:19]} 75. Rb4 {[%clk 0:00:58]} Ra6
{[%clk 0:00:24]} 76. Ke3 {[%clk 0:00:12]} Ke5 {[%clk 0:00:18]} 77. f4+
{[%clk 0:00:18]} Kd6 {[%clk 0:00:28]} 78. Kd4 {[%clk 0:00:25]} Kc6
{[%clk 0:00:14]} 79. Ke4 1-0

[Event "Russiarapdwomen"]
[Site "?"]
[Date "2016.10.02"]
[Round "3.3"]
[White "Goryachkina, Aleksandra"]
[Black "Vasilevich, Irina"]
[Result "0-1"]
[LiveChessVersion "1.4.4"]
[BlackElo "2230"]
[WhiteElo "2424"]

1. d4 {[%clk 0:15:17]} e6 {[%clk 0:14:50]} 2. Nf3 {[%clk 0:15:22]} Nf6
{[%clk 0:14:42]} 3. c4 {[%clk 0:15:28]} Bb4+ {[%clk 0:14:24]} 4. Bd2
{[%clk 0:15:16]} c5 {[%clk 0:14:28]} 5. Bxb4 {[%clk 0:15:16]} cxb4
{[%clk 0:14:37]} 6. e3 {[%clk 0:15:16]} b6 {[%clk 0:14:40]} 7. a3
{[%clk 0:15:17]} bxa3 {[%clk 0:14:31]} 8. Rxa3 {[%clk 0:15:14]} Bb7
{[%clk 0:14:24]} 9. Be2 {[%clk 0:15:22]} O-O {[%clk 0:14:16]} 10. O-O
{[%clk 0:15:28]} d5 {[%clk 0:13:55]} 11. Nbd2 {[%clk 0:15:20]} Nc6
{[%clk 0:13:22]} 12. Qb1 {[%clk 0:13:37]} Nb4 {[%clk 0:12:43]} 13. Rc1
{[%clk 0:13:40]} dxc4 {[%clk 0:12:41]} 14. Bxc4 {[%clk 0:13:31]} a5
{[%clk 0:12:16]} 15. Rd1 {[%clk 0:12:52]} Rc8 {[%clk 0:12:15]} 16. Rc3
{[%clk 0:12:52]} Rc7 {[%clk 0:11:54]} 17. e4 {[%clk 0:11:33]} Qc8
{[%clk 0:11:42]} 18. Rdc1 {[%clk 0:10:50]} Qa8 {[%clk 0:10:56]} 19. Re1
{[%clk 0:09:38]} Rfc8 {[%clk 0:10:42]} 20. e5 {[%clk 0:07:18]} Bxf3
{[%clk 0:08:42]} 21. exf6 {[%clk 0:06:24]} Bh5 {[%clk 0:08:09]} 22. fxg7
{[%clk 0:05:31]} Nd5 {[%clk 0:05:40]} 23. Bxd5 {[%clk 0:04:54]} Qxd5
{[%clk 0:05:47]} 24. Ne4 {[%clk 0:02:11]} Kxg7 {[%clk 0:05:40]} 25. Rg3+
{[%clk 0:01:24]} Bg6 {[%clk 0:05:47]} 26. h4 {[%clk 0:00:56]} Kh8
{[%clk 0:05:17]} 27. h5 {[%clk 0:00:29]} Qxh5 {[%clk 0:04:59]} 28. Qd3
{[%clk 0:00:25]} Rc1 {[%clk 0:04:51]} 29. Rge3 {[%clk 0:00:31]} Qd5
{[%clk 0:02:56]} 30. f3 {[%clk 0:00:19]} R8c4 {[%clk 0:01:27]} 31. Rxc1
{[%clk 0:00:20]} Rxc1+ {[%clk 0:01:36]} 32. Kf2 {[%clk 0:00:25]} Qd8
{[%clk 0:01:19]} 33. Qb5 {[%clk 0:00:16]} Qh4+ {[%clk 0:01:07]} 0-1

[Event "Russiarapdwomen"]
[Site "?"]
[Date "2016.10.02"]
[Round "5.10"]
[White "Nebolsina, Vera"]
[Black "Belenkaya, Dina"]
[Result "1-0"]
[LiveChessVersion "1.4.4"]
[BlackElo "2172"]
[WhiteElo "2234"]

1. c4 {[%clk 0:15:15]} e5 {[%clk 0:15:18]} 2. g3 {[%clk 0:15:22]} Nc6
{[%clk 0:15:26]} 3. Bg2 {[%clk 0:15:27]} Bc5 {[%clk 0:15:30]} 4. e3
{[%clk 0:15:18]} d6 {[%clk 0:15:33]} 5. Nc3 {[%clk 0:14:47]} a6 {[%clk 0:15:42]}
6. Nge2 {[%clk 0:14:39]} Nge7 {[%clk 0:15:48]} 7. d4 {[%clk 0:14:05]} Ba7
{[%clk 0:15:43]} 8. b4 {[%clk 0:11:23]} O-O {[%clk 0:14:55]} 9. b5
{[%clk 0:10:35]} axb5 {[%clk 0:14:55]} 10. cxb5 {[%clk 0:10:42]} Na5
{[%clk 0:14:07]} 11. O-O {[%clk 0:10:44]} Be6 {[%clk 0:13:22]} 12. Ba3
{[%clk 0:10:16]} Nc4 {[%clk 0:13:19]} 13. Bb4 {[%clk 0:10:05]} d5
{[%clk 0:12:22]} 14. dxe5 {[%clk 0:08:48]} c5 {[%clk 0:11:32]} 15. bxc6
{[%clk 0:08:20]} bxc6 {[%clk 0:11:38]} 16. Bxe7 {[%clk 0:07:15]} Qxe7
{[%clk 0:11:46]} 17. Nd4 {[%clk 0:07:18]} Bd7 {[%clk 0:07:13]} 18. Rb1
{[%clk 0:06:00]} Qxe5 {[%clk 0:07:00]} 19. Nce2 {[%clk 0:05:05]} Qc7
{[%clk 0:06:26]} 20. Qd3 {[%clk 0:03:41]} Bb6 {[%clk 0:04:55]} 21. Nc3
{[%clk 0:03:33]} Ra3 {[%clk 0:04:47]} 22. Rb3 {[%clk 0:03:37]} Rfa8
{[%clk 0:04:40]} 23. Rfb1 {[%clk 0:03:06]} g6 {[%clk 0:03:58]} 24. h4
{[%clk 0:02:48]} Rxb3 {[%clk 0:03:20]} 25. axb3 {[%clk 0:02:54]} Ne5
{[%clk 0:03:24]} 26. Qc2 {[%clk 0:02:42]} Qd6 {[%clk 0:01:32]} 27. Rd1
{[%clk 0:02:40]} Qe7 {[%clk 0:01:07]} 28. Nce2 {[%clk 0:01:39]} Rc8
{[%clk 0:00:45]} 29. Nf4 {[%clk 0:01:40]} Bg4 {[%clk 0:00:36]} 30. Ra1
{[%clk 0:01:22]} Qd7 {[%clk 0:00:43]} 31. Qc3 {[%clk 0:01:18]} f6
{[%clk 0:00:24]} 32. Ra6 {[%clk 0:01:19]} Qb7 {[%clk 0:00:18]} 33. Ra4
{[%clk 0:01:13]} Kh8 {[%clk 4:04:12]} 34. Nc2 {[%clk 0:00:54]} Bd8
{[%clk 0:00:21]} 35. Rb4 {[%clk 0:00:59]} Qe7 {[%clk 0:00:27]} 36. Ra4
{[%clk 0:00:58]} Nf3+ {[%clk 0:00:35]} 37. Kh1 {[%clk 0:01:04]} Ne5
{[%clk 0:00:23]} 38. Qa1 {[%clk 0:01:00]} Qd7 {[%clk 0:00:22]} 39. Ra7
{[%clk 0:01:04]} Rc7 {[%clk 0:00:25]} 40. Ra8 {[%clk 0:01:10]} Rc8
{[%clk 0:00:33]} 41. Ra4 {[%clk 0:01:01]} Bf5 {[%clk 0:00:34]} 42. Nd4
{[%clk 0:01:06]} Bg4 {[%clk 0:00:35]} 43. f3 {[%clk 0:01:12]} Bf5
{[%clk 0:00:35]} 44. Nxf5 {[%clk 0:01:13]} gxf5 {[%clk 0:00:36]} 45. Qb1
{[%clk 0:01:05]} Rb8 {[%clk 0:00:33]} 46. Qa2 {[%clk 0:01:03]} Bb6
{[%clk 0:00:39]} 47. Ra8 {[%clk 0:01:03]} Qb7 {[%clk 0:00:48]} 48. Rxb8+
{[%clk 0:01:09]} Qxb8 {[%clk 0:00:57]} 49. Qc2 {[%clk 0:01:17]} Qc8
{[%clk 0:00:55]} 50. Nxd5 {[%clk 0:01:24]} Qb7 {[%clk 0:00:41]} 51. Nxb6
{[%clk 0:01:33]} Qxb6 {[%clk 0:01:00]} 52. Qxf5 {[%clk 0:01:42]} Qxe3
{[%clk 0:01:05]} 53. Qxf6+ {[%clk 0:01:49]} Kg8 {[%clk 0:01:14]} 54. Qe6+
{[%clk 0:01:51]} Qe1+ {[%clk 0:01:20]} 1-0

[Event "Russiarapdwomen"]
[Site "?"]
[Date "2016.10.02"]
[Round "5.13"]
[White "Sazonova, Anastasia"]
[Black "Gritsayeva, Oksana"]
[Result "0-1"]
[LiveChessVersion "1.4.4"]
[BlackElo "2330"]
[WhiteElo "2115"]

1. d4 {[%clk 0:15:17]} g6 {[%clk 0:15:10]} 2. c4 {[%clk 0:15:16]} Bg7
{[%clk 0:15:19]} 3. e4 {[%clk 0:15:08]} d6 {[%clk 0:15:27]} 4. Nf3
{[%clk 0:15:05]} Bg4 {[%clk 0:15:16]} 5. Be2 {[%clk 0:15:03]} Nc6
{[%clk 0:15:11]} 6. Be3 {[%clk 0:13:52]} e5 {[%clk 0:15:17]} 7. d5
{[%clk 0:12:49]} Bxf3 {[%clk 0:15:24]} 8. Bxf3 {[%clk 0:12:30]} Nd4
{[%clk 0:15:33]} 9. Nc3 {[%clk 0:12:09]} Ne7 {[%clk 0:15:24]} 10. Rc1
{[%clk 0:10:53]} O-O {[%clk 0:15:28]} 11. O-O {[%clk 0:10:06]} c5
{[%clk 0:14:13]} 12. dxc6 {[%clk 0:09:57]} bxc6 {[%clk 0:14:06]} 13. Be2
{[%clk 0:06:44]} Rb8 {[%clk 0:13:16]} 14. b3 {[%clk 0:06:32]} f5 {[%clk 0:13:15]}
15. f3 {[%clk 0:04:34]} Kh8 {[%clk 0:12:52]} 16. Bg5 {[%clk 0:03:31]} Bf6
{[%clk 0:11:50]} 17. Be3 {[%clk 0:02:50]} c5 {[%clk 0:11:50]} 18. Nd5
{[%clk 0:02:29]} Nxd5 {[%clk 0:11:56]} 19. cxd5 {[%clk 0:02:18]} Bg5
{[%clk 0:12:02]} 20. Bxd4 {[%clk 0:01:54]} Bxc1 {[%clk 0:10:41]} 21. Bxe5+
{[%clk 0:02:02]} dxe5 {[%clk 0:10:50]} 22. Qxc1 {[%clk 0:02:10]} Qd6
{[%clk 0:10:39]} 23. Bd3 {[%clk 0:01:34]} Rb4 {[%clk 0:10:22]} 24. Qc2
{[%clk 0:00:46]} fxe4 {[%clk 0:09:46]} 25. Bxe4 {[%clk 0:00:54]} c4
{[%clk 0:09:47]} 26. bxc4 {[%clk 0:00:37]} Qc5+ {[%clk 0:09:56]} 27. Qf2
{[%clk 0:00:41]} Qxf2+ {[%clk 0:09:03]} 28. Rxf2 {[%clk 0:00:50]} Rxc4
{[%clk 0:09:13]} 29. Rb2 {[%clk 0:00:39]} Rf7 {[%clk 0:08:42]} 30. h3
{[%clk 0:00:24]} Kg7 {[%clk 0:08:44]} 31. Rb8 {[%clk 0:00:15]} Ra4
{[%clk 0:08:28]} 32. Rb2 {[%clk 0:00:19]} Rc7 {[%clk 0:07:42]} 33. Kf2
{[%clk 0:00:25]} Kf6 {[%clk 0:07:46]} 34. Ke3 {[%clk 0:00:21]} Ke7
{[%clk 0:07:43]} 35. Rd2 {[%clk 0:00:13]} Ra3+ {[%clk 0:07:46]} 36. Ke2
{[%clk 0:00:16]} Kd6 {[%clk 0:07:54]} 37. h4 {[%clk 0:00:17]} Rc5
{[%clk 0:08:00]} 38. g4 {[%clk 0:00:19]} Rca5 {[%clk 0:08:03]} 39. h5
{[%clk 0:00:17]} gxh5 {[%clk 0:08:07]} 40. gxh5 {[%clk 0:00:15]} h6
{[%clk 0:08:12]} 41. Bb1 {[%clk 0:00:16]} a6 {[%clk 0:07:33]} 42. Kf2
{[%clk 0:00:14]} Rxd5 {[%clk 0:07:35]} 43. Rb2 {[%clk 0:00:23]} Rb5
{[%clk 0:07:39]} 44. Rd2+ {[%clk 0:00:32]} Ke7 {[%clk 0:07:25]} 45. Be4
{[%clk 0:00:14]} Rba5 {[%clk 0:06:53]} 46. Bd5 {[%clk 0:00:15]} R5a4
{[%clk 0:06:35]} 47. Bb3 {[%clk 0:00:17]} Rh4 {[%clk 0:06:14]} 48. Rc2
{[%clk 0:00:12]} Rh2+ {[%clk 0:06:21]} 49. Ke3 {[%clk 0:00:17]} Rxc2 50. Kd4 0-1

[Event "Russiarapdwomen"]
[Site "?"]
[Date "2016.10.02"]
[Round "5.14"]
[White "Semenova, Elena"]
[Black "Baraeva, Marina"]
[Result "1-0"]
[LiveChessVersion "1.4.4"]
[BlackElo "2240"]
[WhiteElo "2122"]

1. e4 {[%clk 0:15:19]} e6 {[%clk 0:15:19]} 2. d4 {[%clk 8:05:27]} d5
{[%clk 0:15:26]} 3. Nd2 {[%clk 0:15:33]} c5 {[%clk 0:15:34]} 4. exd5
{[%clk 0:15:35]} Qxd5 {[%clk 0:15:42]} 5. Ngf3 {[%clk 0:15:39]} cxd4
{[%clk 0:15:50]} 6. Bc4 {[%clk 0:15:46]} Qd6 {[%clk 0:15:59]} 7. O-O
{[%clk 0:15:51]} Nf6 {[%clk 0:16:07]} 8. Nb3 {[%clk 0:15:59]} Nc6
{[%clk 0:16:16]} 9. Nbxd4 {[%clk 0:15:59]} Nxd4 {[%clk 0:16:24]} 10. Nxd4
{[%clk 0:16:07]} a6 {[%clk 0:16:33]} 11. c3 {[%clk 0:15:47]} Qc7 {[%clk 0:16:41]}
12. Bb3 {[%clk 0:15:50]} Bd6 {[%clk 0:16:28]} 13. h3 {[%clk 0:15:29]} h6
{[%clk 0:16:22]} 14. Qf3 {[%clk 0:14:39]} Be5 {[%clk 0:16:27]} 15. Re1
{[%clk 0:13:40]} O-O {[%clk 0:16:29]} 16. Be3 {[%clk 0:12:32]} Bd7
{[%clk 0:16:35]} 17. a4 {[%clk 0:11:23]} Rad8 {[%clk 0:16:39]} 18. a5
{[%clk 0:10:47]} Rc8 {[%clk 0:15:04]} 19. Bc2 {[%clk 0:07:46]} Bc6
{[%clk 0:14:52]} 20. Nxc6 {[%clk 0:07:47]} Qxc6 {[%clk 0:15:01]} 21. Qxc6
{[%clk 0:07:10]} Rxc6 {[%clk 0:15:09]} 22. Bd1 {[%clk 0:05:53]} Bc7
{[%clk 0:12:24]} 23. Bf3 {[%clk 0:05:40]} Nd5 {[%clk 0:12:31]} 24. Bd4
{[%clk 0:05:32]} Rd8 {[%clk 0:10:18]} 25. g3 {[%clk 0:05:22]} f6 {[%clk 0:09:34]}
26. Ra4 {[%clk 0:05:00]} e5 {[%clk 0:09:01]} 27. c4 {[%clk 0:04:26]} Ne7
{[%clk 0:06:44]} 28. Bxc6 Nxc6 {[%clk 0:06:53]} 29. Be3 {[%clk 0:04:37]} Bxa5
{[%clk 0:06:46]} 30. Rxa5 {[%clk 0:04:35]} Nxa5 {[%clk 0:06:56]} 31. Bb6
{[%clk 0:04:44]} Rc8 {[%clk 0:06:45]} 32. Bxa5 {[%clk 0:04:51]} Rxc4
{[%clk 0:06:53]} 33. Rd1 {[%clk 0:04:36]} Rc5 {[%clk 0:06:25]} 34. Bb4
{[%clk 0:04:19]} Rc4 {[%clk 0:06:16]} 35. Bc3 {[%clk 0:03:26]} b5
{[%clk 0:06:18]} 36. Rd6 {[%clk 0:03:02]} b4 {[%clk 0:06:25]} 37. Be1
{[%clk 0:03:08]} a5 {[%clk 0:06:16]} 38. Kf1 {[%clk 0:03:04]} Rc2
{[%clk 0:05:57]} 39. Rd2 {[%clk 0:02:56]} Rc1 {[%clk 0:06:06]} 40. b3
{[%clk 0:02:38]} Ra1 {[%clk 0:05:49]} 41. Ke2 {[%clk 0:02:39]} a4
{[%clk 0:05:53]} 42. bxa4 {[%clk 0:02:47]} Rxa4 {[%clk 0:06:01]} 43. Rb2
{[%clk 0:02:55]} Ra7 {[%clk 0:05:53]} 44. Bxb4 {[%clk 0:02:58]} Kf7
{[%clk 0:05:59]} 45. Bc5 {[%clk 0:02:58]} Rc7 {[%clk 0:06:06]} 46. Be3
{[%clk 0:03:05]} g5 {[%clk 0:06:08]} 47. g4 {[%clk 0:03:08]} Kg6 {[%clk 0:06:06]}
48. Ra2 {[%clk 0:03:13]} h5 {[%clk 0:06:10]} 49. Kf3 {[%clk 0:02:55]} hxg4+
{[%clk 0:06:12]} 50. hxg4 {[%clk 0:03:03]} Rc6 {[%clk 0:06:11]} 51. Rb2
{[%clk 0:02:42]} Rc4 {[%clk 0:06:03]} 52. Rb8 {[%clk 0:02:33]} Ra4
{[%clk 0:06:05]} 53. Bd2 {[%clk 0:02:21]} Rd4 {[%clk 0:06:03]} 54. Be1
{[%clk 0:02:03]} Rd3+ {[%clk 0:06:06]} 55. Kg2 {[%clk 0:02:02]} Rd1
{[%clk 0:06:10]} 56. Kf1 {[%clk 0:02:03]} Rd4 {[%clk 0:06:11]} 57. Rb4
{[%clk 0:02:10]} Rd6 {[%clk 0:06:20]} 58. Ke2 {[%clk 0:02:19]} f5
{[%clk 0:06:20]} 59. Bd2 {[%clk 0:02:13]} Rf6 {[%clk 0:04:25]} 60. Rb8
{[%clk 0:01:50]} fxg4 {[%clk 0:04:18]} 61. Rg8+ {[%clk 0:01:59]} Kf7
{[%clk 0:04:18]} 62. Rxg5 {[%clk 0:02:06]} Ke6 {[%clk 0:04:24]} 63. Rxg4
{[%clk 0:02:14]} Kd5 {[%clk 0:04:12]} 64. Ra4 {[%clk 0:02:18]} Rc6
{[%clk 0:03:59]} 65. Kd3 {[%clk 0:01:58]} Rc8 {[%clk 0:03:33]} 66. Ra5+
{[%clk 0:02:02]} Ke6 {[%clk 0:03:38]} 67. Bc3 {[%clk 0:01:52]} Kd6
{[%clk 0:03:15]} 68. Bxe5+ {[%clk 0:01:56]} Ke6 {[%clk 0:03:24]} 69. f4
{[%clk 0:02:02]} Rf8 {[%clk 0:03:31]} 70. Ke4 {[%clk 0:02:11]} Rc8
{[%clk 0:03:23]} 71. f5+ {[%clk 0:02:19]} Kf7 {[%clk 0:03:33]} 72. Ra7+
{[%clk 0:02:27]} Ra8 1-0

[Event "Russiarapdwomen"]
[Site "?"]
[Date "2016.10.03"]
[Round "6.8"]
[White "Galliamova, Alisa"]
[Black "Makarenko, Alexandra"]
[Result "1-0"]
[LiveChessVersion "1.4.4"]
[BlackElo "2210"]
[WhiteElo "2428"]

1. d4 {[%clk 0:15:18]} Nf6 {[%clk 0:15:02]} 2. Nf3 {[%clk 0:15:25]} g6
{[%clk 0:15:04]} 3. g3 {[%clk 0:15:33]} Bg7 {[%clk 0:14:32]} 4. Bg2
{[%clk 0:15:41]} O-O {[%clk 0:14:37]} 5. O-O {[%clk 0:15:48]} d6 {[%clk 0:14:32]}
6. b3 {[%clk 0:15:56]} Nc6 {[%clk 0:13:27]} 7. Bb2 {[%clk 0:15:48]} Nd7
{[%clk 0:13:27]} 8. c4 {[%clk 0:11:17]} e5 {[%clk 0:13:30]} 9. Qd2
{[%clk 0:07:56]} Re8 {[%clk 0:11:25]} 10. dxe5 {[%clk 0:06:23]} dxe5
{[%clk 0:10:39]} 11. Rd1 {[%clk 0:06:07]} e4 {[%clk 0:07:57]} 12. Nd4
{[%clk 0:06:03]} Nce5 {[%clk 0:07:41]} 13. Nc3 {[%clk 0:05:41]} f5
{[%clk 0:07:48]} 14. f3 {[%clk 0:05:14]} e3 {[%clk 0:07:37]} 15. Qc2
{[%clk 0:05:13]} c6 {[%clk 0:07:17]} 16. c5 {[%clk 0:05:02]} Qe7 {[%clk 0:05:52]}
17. Na4 {[%clk 0:04:38]} Nf6 {[%clk 0:05:58]} 18. b4 {[%clk 0:04:21]} Nd5
{[%clk 0:06:03]} 19. b5 {[%clk 0:04:26]} Bd7 {[%clk 0:05:31]} 20. f4
{[%clk 0:04:25]} Ng4 {[%clk 0:04:38]} 21. bxc6 {[%clk 0:04:06]} bxc6
{[%clk 0:04:11]} 22. Nxc6 {[%clk 0:03:58]} Bxc6 {[%clk 0:04:12]} 23. Bxd5+
{[%clk 0:04:05]} Bxd5 {[%clk 0:04:21]} 24. Rxd5 {[%clk 0:04:14]} Nf2
{[%clk 0:03:31]} 25. Bxg7 {[%clk 0:03:41]} Qxg7 {[%clk 0:03:11]} 26. Rc1
{[%clk 0:03:32]} Qh6 {[%clk 0:01:41]} 27. Rd7 {[%clk 0:03:15]} Re6
{[%clk 0:01:11]} 28. Qc4 {[%clk 0:02:51]} Rae8 {[%clk 0:01:19]} 29. Rb1
{[%clk 0:01:35]} Ng4 {[%clk 0:00:14]} 30. h4 {[%clk 0:01:40]} Kf8
{[%clk 0:00:18]} 31. Rbb7 {[%clk 0:01:37]} R6e7 {[%clk 0:00:25]} 32. Qd4
{[%clk 0:01:19]} g5 {[%clk 0:00:12]} 33. Rxe7 {[%clk 0:01:03]} Rxe7
{[%clk 0:00:22]} 34. Rxe7 Kxe7 {[%clk 0:00:31]} 35. fxg5 {[%clk 0:00:46]} Qc6
{[%clk 0:00:16]} 36. Nc3 {[%clk 0:00:35]} Ke8 {[%clk 0:15:10]} 1-0